000 01014nas a2200313 4500
001 BR2012003975
003 BR-BrBNA
005 20231205120645.0
007 ta
008 230509b bl.|||p| |||| 00| 00por d
040 _aBR-BrBNA
_bpor
_cBiblioteca Nacional de Agricultura
041 _a(Pt)
072 _aH60
100 1 _aFerreira, N.R.
100 1 _aMedeiros, R.B. de
100 1 _aFavreto, R.
245 1 _aBanco de sementes do solo de margem viária dominada por capim-Annoni-2 e sujeito ao controle com distúrbios no solo e introdução de gramíneas
650 _aCAPIM ANNONI
650 _aERVA DANINHA
650 _aSEMENTE
650 _aGRAMINEA
650 _aINTRODUÇÃO DE PLANTA
650 _aCOMPETIÇÃO DE VARIEDADE
650 _aDETERIORAÇÃO DO SOLO
650 _aCOBERTURA VEGETAL
773 0 _tRevista Brasileira de Sementes (Brazil)
_xISSN 0101-3122
_g(Dec 2008), v. 30(3) p. 54-63
_wBR2012003975
909 _a202311
_bLúcia
_c55
_dLúcia Elande
942 _2AGRIS
_n0
_cANA
999 _c219609
_d219609